Development of railways in Northern India / (Record no. 55490)

MARC details
000 -LEADER
fixed length control field 01798nam a22002777a 4500
005 - DATE AND TIME OF LATEST TRANSACTION
control field 20110816122752.0
010 ## - LCCN (DPL NO)
LC control number ENG-103503 B-457891-895
020 ## - INTERNATIONAL STANDARD BOOK NUMBER
Terms of availability 350.00
International Standard Book Number 9788176781534
035 ## - SYSTEM CONTROL NUMBER
System control number EN-87036 B-457891-895
037 ## - SOURCE OF ACQUISITION
Source of stock number/acquisition DBAD/PUB
037 ## - SOURCE OF ACQUISITION
Source of stock number/acquisition K.K.Pub/Ven
082 ## - DEWEY DECIMAL CLASSIFICATION NUMBER
Classification number 385.0954
100 ## - MAIN ENTRY--PERSONAL NAME
Personal name Srivastava, Rashmi
245 ## - TITLE STATEMENT
Title Development of railways in Northern India /
Statement of responsibility, etc by Rashmi Srivastava
260 ## - PUBLICATION, DISTRIBUTION, ETC. (IMPRINT)
Place of publication, distribution, etc Lucknow
Name of publisher, distributor, etc Bharat Book Centre
Date of publication, distribution, etc 2010
270 ## - ADDRESS
Address 17,Ashok Marg,
City Lucknow
Postal code 226001
300 ## - PHYSICAL DESCRIPTION
Extent xi,171p.
Dimensions 22cm(Hb)
942 ## - ADDED ENTRY ELEMENTS (KOHA)
Source of classification or shelving scheme Dewey Decimal Classification
Item type English Books
Call number suffix SRI
Classification part 385.0954
Holdings
Withdrawn status Lost status Not for loan Collection code Home library Current library Date acquired Source of acquisition Cost, normal purchase price Full call number Barcode Copy number Cost, replacement price Koha item type
      Non-fiction Central Library Central Library 07/06/2012 K.K.Pub/1658/24.01.2012/25/24.01.2012/06.02.2012 350.00 385.0954 SRI B-457891 1 350.00 English Books
    Not For Loan Non-fiction D.B.Act.Division D.B.Act.Division 17/08/2011 DBAD / PUB 350.00 385.0954 SRI EN-87036 1 350.00 English Books
      Non-fiction Karol Bagh Karol Bagh 07/06/2012 K.K.Pub/1658/24.01.2012/25/24.01.2012/06.02.2012 350.00 385.0954 SRI B-457894 1 350.00 English Books
      Non-fiction Patel Nagar Patel Nagar 07/06/2012 K.K.Pub/1658/24.01.2012/25/24.01.2012/06.02.2012 350.00 385.0954 SRI B-457892 1 350.00 English Books
      Non-fiction Sarojini Nagar Sarojini Nagar 07/06/2012 K.K.Pub/1658/24.01.2012/25/24.01.2012/06.02.2012 350.00 385.0954 SRI B-457893 1 350.00 English Books
      Non-fiction Shahdara Branch Shahdara Branch 07/06/2012 K.K.Pub/1658/24.01.2012/25/24.01.2012/06.02.2012 350.00 385.0954 SRI B-457895 1 350.00 English Books

© Delhi Public Library
Hit Counter
free hit counter